<?xml version="1.0" encoding="UTF-8"?>
<marc:record xmlns:marc="http://www.loc.gov/MARC21/slim">
   <marc:leader>00000nam a2200000 a 4500</marc:leader>
   <marc:datafield ind1="1" ind2=" " tag="100">
      <marc:subfield code="a">Grill, Elisa</marc:subfield>
      <marc:subfield code="4">aut</marc:subfield>
      <marc:subfield code="e">Verfasser/-in</marc:subfield>
   </marc:datafield>
   <marc:datafield ind1=" " ind2=" " tag="653">
      <marc:subfield code="a">Autismus</marc:subfield>
   </marc:datafield>
   <marc:datafield ind1=" " ind2=" " tag="653">
      <marc:subfield code="a">Asperger-Syndrom</marc:subfield>
   </marc:datafield>
   <marc:datafield ind1=" " ind2=" " tag="653">
      <marc:subfield code="a">Frühkindlicher Autismus</marc:subfield>
   </marc:datafield>
   <marc:datafield ind1=" " ind2=" " tag="653">
      <marc:subfield code="a">Qualitative Auffälligkeiten</marc:subfield>
   </marc:datafield>
   <marc:datafield ind1=" " ind2=" " tag="653">
      <marc:subfield code="a">Stereotype Verhaltensweisen</marc:subfield>
   </marc:datafield>
   <marc:datafield ind1=" " ind2=" " tag="653">
      <marc:subfield code="a">Stolpersteine</marc:subfield>
   </marc:datafield>
   <marc:datafield ind1=" " ind2=" " tag="653">
      <marc:subfield code="a">unterstützende Maßnahmen</marc:subfield>
   </marc:datafield>
   <marc:datafield ind1="0" ind2="0" tag="245">
      <marc:subfield code="a">Autismus-Spektrum als Herausforderung im Regelunterricht der Primarstufe</marc:subfield>
   </marc:datafield>
   <marc:datafield ind1="0" ind2="0" tag="245">
      <marc:subfield code="c">Elisa Grill. Mag. DDr. Günther Thöni</marc:subfield>
   </marc:datafield>
   <marc:datafield ind1=" " ind2="1" tag="264">
      <marc:subfield code="a">Stams</marc:subfield>
      <marc:subfield code="c">2020</marc:subfield>
   </marc:datafield>
   <marc:datafield ind1="1" ind2=" " tag="490">
      <marc:subfield code="a">Masterarbeit-PDF</marc:subfield>
   </marc:datafield>
   <marc:datafield ind1="1" ind2=" " tag="520">
      <marc:subfield code="a">Abstract&lt;br/&gt;In der folgenden Masterarbeit wird auf das Phänomen Autismus im Regelunterricht in der Primarstufe eingegangen. Es wird vor allem aufgezeigt, wie auf Herausforderungen, die sich diesbezüglich ergeben, reagiert werden kann.&lt;br/&gt;Autismus betitelt ein Anderssein, welches im Wesentlichen durch Beeinträchtigungen in den sozialen Fähigkeiten, Auffälligkeiten in den kommunikativen Fähigkeiten und stereotype Verhaltensweisen geprägt ist. Eine Recherche zu den rechtlichen Grundlagen zeigt, dass Kindern im Autismus-Spektrum, ein umfassender Zugang zum Bildungssystem garantiert werden muss. Damit die Inklusion autistischer Schüler/innen in den Regelunterricht der Primarstufe gelingt, sind von allen Beteiligten die notwendigen Vorbereitungen zu treffen. Konkrete Strukturierungshilfen leisten hierbei einen besonderen Mehrwert. Zwei befragte Expertinnen bestätigen die aufgezeigten Maßnahmen und ergänzen diese um weitere Aspekte. Das autistische Kind profitiert demnach am meisten von einer gelungenen Zusammenarbeit von Eltern, Lehrpersonen und Fachpersonal sowie von einer bedürfnisorientierten, individuell an das Kind angepassten Betreuung.</marc:subfield>
   </marc:datafield>
   <marc:datafield ind1=" " ind2=" " tag="041">
      <marc:subfield code="a">ger</marc:subfield>
   </marc:datafield>
   <marc:datafield ind1=" " ind2=" " tag="542">
      <marc:subfield code="d">Mag. DDr. Günther Thöni</marc:subfield>
   </marc:datafield>
   <marc:datafield ind1="1" ind2=" " tag="521">
      <marc:subfield code="a">0</marc:subfield>
   </marc:datafield>
   <marc:datafield ind1=" " ind2=" " tag="300">
      <marc:subfield code="a">61</marc:subfield>
   </marc:datafield>
</marc:record>
